000 01212nam a2200337 c 4500
003 BLK
005 20250221144510.0
008 180412b bul|||||r ||||||| ||bul||
010 _aKNG00012703000
020 _a954-8010-62-3
_bиздат.: ГАЛ-ИКО
040 _aBLK
041 _aBUL
_cBUL
080 _aАмериканска литература (на САЩ)
_b821.111(73)
_x-31
_z821.111(73)-31
100 _aШелдън, Сидни
_9243637
700 1 _aМихайлов, Юрий
_eпрев.
_9256229
139 _aШелдън, Сидни
_bШ 51
245 1 0 _aПясъците на времето
_bРоман
_cСидни Шелдън; прев. Юрий Михайлов.
250 _a2. изд.
257 _aUSA
260 София
_bГАЛ-ИКО
_c1996
300 _a336 с.
_c20 см
380 _aX
500 _aОриг. загл. Sands of Time / Sidney Sheldon. - 1. изд. 1993. - 5 000 тир.
653 _aромани
852 _aЦб 189124
856 4 _qpdf
_u
856 4 _qpdf
_u
942 _cKNG
_n0
_014
944 _aCR
_c15.01.2003
_lМинев Младен
_k30530
944 _aED
_c23.11.2016
_lф /
_kЛюдмила_Стоянова
999 _c11177
_d11177